000
00294nam a22001337a 4500
008
170330b xxu||||| |||| 00| 0 eng d
020
_a
9780683062458
041
_a
eng
080
_2
3RD
_a
616-053.2
100
_a
8
101
_a
SHM
245
_a
PEDIATRICS
_c
DWORKIN, P.H
942
_2
udc
_c
BK
999
_c
9132
_d
9132